000 00290nam a22001337a 4500
003 SGT
082 _a616.0757
_bP02T
100 _aTHOMAS, KAREN
245 _aPEDIATRIC IMAGING CLINICAL CASES
260 _aLONDON
_bGMM
_c2002
300 _a162
650 _aRADIOLOGY
942 _2ddc
_cBK
999 _c14583
_d14583